000 00453cam a2200181ua 4500
001 8939
008 150218n ii |||gr||||Z||||||asm
040 _cMAIN
041 _aasm
082 _a891.4514
100 _aChakrabarty, A. Kr.,
_eTranslator.
245 1 _aIliad
_cTranslated by Amulya Kr. Chakrabarty
250 _a4th.
260 _aGuwahati:
_bPB,
_c2004.
300 _a494p.
653 _aEast Indo-European & Celtic literatures
942 _cBK
999 _c8033
_d8033